[Event "WchT U26 05th Group1"]
[Site "Mendoza"]
[Date "1985.08.??"]
[Round "8"]
[White "Trindade, Sandro Heleno"]
[Black "Davila Vega, Juan R"]
[Result "1-0"]
[WhiteElo "2305"]
[BlackElo "2205"]
[PlyCount "51"]
[EventDate "1985.08.11"]
[EventType "team-tourn"]
[EventRounds "9"]
[EventCountry "ARG"]
[SourceTitle "EXT 2020"]
[Source "ChessBase"]
[SourceDate "2019.10.17"]
[SourceVersion "1"]
[SourceVersionDate "2019.10.17"]
[SourceQuality "1"]
[WhiteTeam "Brazil"]
[BlackTeam "Puerto Rico"]
[WhiteTeamCountry "BRA"]
[BlackTeamCountry "PUR"]

1. e3 Nf6 2. a3 g6 3. c4 Bg7 4. Qc2 e5 5. Nc3 0-0 6. Nf3 d6 7. Be2 Re8 8. d3 a5 9. 0-0 Nc6 10. Rb1 d5 11. cxd5 Nxd5 12. Ne4 Nf6 13. b4 axb4 14. axb4 Nxe4 15. dxe4 Be6 16. b5 Nb8 17. Bb2 f6 18. Bc4 Kh8 19. Rfd1 Qc8 20. Bxe6 Rxe6 21. Qc4 Re8 22. Rd3 Nd7 23. Rc1 Bf8 24. Qd5 Nb6 25. Qf7 Rd8 26. Nxe5 1-0